000 00245nam a22001097a 4500
041 _aeng
080 _a80
100 _aМиланова, Д. Э.
245 _aШведско-русский словарь.
650 _aReference
999 _c280700
_d280700
942 _cBK